Sports Quiz

Random Sports or Baseball Quiz

Workhorse MLB Records Quiz Stats

 Plays Quiz not verified by Sporcle

Challenge
Share
Tweet
Embed
Score 0/44 Timer 10:00
0 Plays Today
Statistic Player % Correct
Plate Appearances (All-time)Pete Rose
98%
Plate Appearances (Single-Season)Pete Rose
98%
Innings Pitched (All-time)Walter Johnson
96.1%
Complete Games (All-time)Walter Johnson
96.1%
Complete Games (2000s)Randy Johnson
96.1%
Plate Appearances (Single-Season)Jimmy Rollins
93.1%
Complete Games (2000s)Roy Halladay
89.2%
Innings Pitched (All-time)Cy Young
87.2%
Complete Games (All-time)Cy Young
87.2%
Plate Appearances (All-time)Hank Aaron
86.7%
Plate Appearances (All-time)Carl Yastrzemski
79.8%
Innings Pitched (2000s)Livan Hernandez
79.8%
Complete Games (2000s)Livan Hernandez
79.8%
Plate Appearances (All-time)Ty Cobb
79.3%
Innings Pitched (All-time)Nolan Ryan
78.3%
Complete Games (2000s)C.C. Sabathia
77.8%
Innings Pitched (2000s)Barry Zito
74.9%
Innings Pitched (2000s)Mark Buehrle
70.9%
Plate Appearances (2000s)Alex Rodriguez
69.5%
Complete Games (All-time)Christy Mathewson
69.5%
Innings Pitched (2000s)Jamie Moyer
67.5%
Plate Appearances (2000s)Derek Jeter
66.5%
Statistic Player % Correct
Plate Appearances (All-time)Rickey Henderson
63.1%
Plate Appearances (Single-Season)Jose Reyes
55.7%
Plate Appearances (2000s)Miguel Tejada
51.7%
Complete Games (All-time)Pete Alexander
48.3%
Innings Pitched (All-time)Phil Niekro
44.8%
Plate Appearances (2000s)Johnny Damon
37.9%
Plate Appearances (2000s)Bobby Abreu
35.5%
Innings Pitched (Single-season)Jack Chesbro
33.5%
Complete Games (Single-season)Jack Chesbro
33.5%
Innings Pitched (2000s)Javer Vazquez
31%
Innings Pitched (All-time)Gaylord Perry
29.1%
Plate Appearances (Single-Season)Lenny Dykstra
25.1%
Innings Pitched (Single-season)Ed Walsh
23.2%
Complete Games (Single-season)Ed Walsh
23.2%
Innings Pitched (Single-season)Joe McGinnity
19.2%
Innings Pitched (Single-season)Joe McGinnity
19.2%
Complete Games (Single-season)Joe McGinnity
19.2%
Plate Appearances (Single-Season)Dave Cash
15.3%
Innings Pitched (Single-season)Vic Willis
6.4%
Complete Games (Single-season)Vic Willis
6.4%
Complete Games (Single-season)George Mullin
2.5%
Complete Games (All-time)Jack Powell
2%

You're not logged in!

Compare scores with friends on all Sporcle quizzes.
Join for Free
OR
Log In

You Might Also Like...

Show Comments

Extras

Top Quizzes Today


Score Distribution

Your Account Isn't Verified!

In order to create a playlist on Sporcle, you need to verify the email address you used during registration. Go to your Sporcle Settings to finish the process.

Report this User

Report this user for behavior that violates our Community Guidelines.

Details: